Propensity Score Methods and Applications

Salvato in:
Dettagli Bibliografici
Autore principale: Bai, Haiyan
Altri autori: Clark, M.H
Natura: Libro
Lingua:inglese
Pubblicazione: Thousand Oaks SAGE 2019
Serie:Quantitative Applications in the Social Sciences 178
Soggetti:
Tags: Aggiungi Tag
Nessun Tag, puoi essere il primo ad aggiungerne!!

MARC

LEADER 00000nam a2200000 4500
001 0257266
005 20240221113128.4
020 |a 978-1-5063-7805-3 
041 0 |a eng 
044 |a US 
245 1 0 |a Propensity Score Methods and Applications  |c Haiyan Bai, M.H. Clark 
264 1 |a Thousand Oaks  |b SAGE  |c 2019 
300 |a 117 s. 
490 1 |a Quantitative Applications in the Social Sciences  |v 178 
830 0 |a Quantitative Applications in the Social Sciences  |v 178 
610 2 0 |a výskum kvantitatívny 
610 2 0 |a modelovanie 
610 2 0 |a metódy 
610 2 0 |a odhady 
610 2 0 |a pravdepodobnosť 
610 2 0 |a metódy štatistické 
100 1 |a Bai, Haiyan 
700 1 |a Clark, M.H.